Eastern Utah Libraries Catalog: Duchesne, Heber, Roosevelt, & Vernal

The terror of history. (Record no. 270438)

MARC details
000 -LEADER
fixed length control field 02273cim a2200433Ka 4500
001 - CONTROL NUMBER
control field ocm54994574
003 - CONTROL NUMBER IDENTIFIER
control field OCoLC
005 - DATE AND TIME OF LATEST TRANSACTION
control field 20200320183451.0
007 - PHYSICAL DESCRIPTION FIXED FIELD--GENERAL INFORMATION
fixed length control field sd fungnn|||||
008 - FIXED-LENGTH DATA ELEMENTS--GENERAL INFORMATION
fixed length control field 040421s2002 vaunnn g il eng d
020 ## - INTERNATIONAL STANDARD BOOK NUMBER
International Standard Book Number 1565852737
020 ## - INTERNATIONAL STANDARD BOOK NUMBER
International Standard Book Number 9781565852730
020 ## - INTERNATIONAL STANDARD BOOK NUMBER
Terms of availability 89.98
028 02 - PUBLISHER NUMBER
Publisher number 892
Source Teaching Company
035 ## - SYSTEM CONTROL NUMBER
System control number (OCoLC)54994574
040 ## - CATALOGING SOURCE
Original cataloging agency NVC
Transcribing agency NVC
Modifying agency OCLCQ
-- OCLCG
-- WACOL
043 ## - GEOGRAPHIC AREA CODE
Geographic area code e------
049 ## - LOCAL HOLDINGS (OCLC)
Holding library WACL
092 ## - LOCALLY ASSIGNED DEWEY CALL NUMBER (OCLC)
Classification number CD 940
Item number Rui
100 1# - MAIN ENTRY--PERSONAL NAME
Personal name Ruiz, Teofilo F.,
Dates associated with a name 1943-
9 (RLIN) 5851436
245 14 - TITLE STATEMENT
Title The terror of history.
Medium [sound recording] :
Remainder of title mystics, heretics, and witches in the western tradition /
Statement of responsibility, etc Professor Teofilo F. Ruiz.
260 ## - PUBLICATION, DISTRIBUTION, ETC. (IMPRINT)
Place of publication, distribution, etc Chantilly, VA :
Name of publisher, distributor, etc Teaching Co.,
Date of publication, distribution, etc c2002.
300 ## - PHYSICAL DESCRIPTION
Extent 6 sound discs :
Other physical details digital ;
Dimensions 4 3/4 in. +
Accompanying material 1 course guide.
490 1# - SERIES STATEMENT
Series statement The great courses
500 ## - GENERAL NOTE
General note Compact discs.
511 0# - PARTICIPANT OR PERFORMER NOTE
Participant or performer note 12 lectures delivered by Professor Teofilo F. Ruiz, University of California at Los Angeles.
505 0# - FORMATTED CONTENTS NOTE
Formatted contents note Part II. The mysteries of the Renaissance -- Lecture 15. Hermeticism, astrology, alchemy, and magic -- Lecture 16. The origins of witchcraft -- Lecture 17. Religion, science and magic -- Lecture 18. The witch craze and its historians -- Lecture 19. Fear and the construction of Satan -- Lecture 20. The witch craze and misogyny -- Lecture 21. The world of witches -- Lecture 22. The witches of Loudon -- Lecture 23. The witches of Essex and Salem -- Lecture 24. The survival of the past.
650 #0 - SUBJECT ADDED ENTRY--TOPICAL TERM
Topical term or geographic name as entry element Mysticism
Geographic subdivision Europe
General subdivision History.
9 (RLIN) 5851437
650 #0 - SUBJECT ADDED ENTRY--TOPICAL TERM
Topical term or geographic name as entry element Witchcraft
Geographic subdivision Europe
General subdivision History.
9 (RLIN) 101927
651 #0 - SUBJECT ADDED ENTRY--GEOGRAPHIC NAME
Geographic name Europe
General subdivision Social conditions.
9 (RLIN) 5851438
651 #0 - SUBJECT ADDED ENTRY--GEOGRAPHIC NAME
Geographic name Europe
General subdivision Economic conditions.
9 (RLIN) 5851439
710 2# - ADDED ENTRY--CORPORATE NAME
Corporate name or jurisdiction name as entry element Teaching Company.
9 (RLIN) 5712390
830 #0 - SERIES ADDED ENTRY--UNIFORM TITLE
Uniform title Great courses (Compact disc)
9 (RLIN) 5712379
942 ## - ADDED ENTRY ELEMENTS (KOHA)
Koha item type CD
948 ## - LOCAL PROCESSING INFORMATION (OCLC); SERIES PART DESIGNATOR (RLIN)
Series part designator, SPT (RLIN) 06/26/2009
b (OCLC) 06/29/2009
z (OCLC) Sirsi
994 ## -
-- 02
-- WACOL
996 ## -
-- 71246
-- 34301000860652
-- CD
-- CD
-- wcl
-- i
-- 2
-- 89.98
-- .CIRCNOTE. 6 discs; 1 booklet
-- .PUBLIC. 6 discs; 1 booklet
-- Teaching Company
-- 940 Rui
-- part 1
-- 06/29/2009
-- 11/10/2016
-- 10/24/2016
996 ## -
-- 71246
-- 34301000860660
-- CD
-- CD
-- wcl
-- i
-- 2
-- 89.98
-- .CIRCNOTE. 6 discs; 1 booklet
-- .PUBLIC. 6 discs; 1 booklet
-- Teaching Company
-- 940 Rui
-- part 2
-- 06/29/2009
-- 11/10/2016
-- 10/24/2016
Holdings
Withdrawn status Lost status Source of classification or shelving scheme Materials specified (bound volume or other part) Damaged status Not for loan Collection code Home library Current library Shelving location Date acquired Cost, normal purchase price Serial Enumeration / chronology Total Checkouts Full call number Barcode Date last seen Date checked out Cost, replacement price Price effective from Koha item type Public note
    Dewey Decimal Classification .CIRCNOTE. 6 discs; 1 booklet     Audiobooks Wasatch County Library Wasatch County Library Second Floor 06/29/2009 89.98 part 2 2 CD 940 Rui 34301000860660 07/18/2024 10/24/2016 89.98 03/20/2020 Audiobook on CD .PUBLIC. 6 discs; 1 booklet
    Dewey Decimal Classification .CIRCNOTE. 6 discs; 1 booklet     Audiobooks Wasatch County Library Wasatch County Library Second Floor 06/29/2009 89.98 part 1 2 CD 940 Rui 34301000860652 07/18/2024 10/24/2016 89.98 03/20/2020 Audiobook on CD .PUBLIC. 6 discs; 1 booklet
This project was made possible through a grant from the Institute of Museum and Library Service administered by the Utah State Library Division.

Wasatch County Library

  • 465 East 1200 South, Heber City, Utah 84032
  • Phone 435-654-1511 | Fax 435-654-6456

Hours

  • Monday - Friday 9:30 AM - 8:00 PM
  • Saturday 9:30 AM - 1:30 PM
  • Closed Sundays and Holidays